000 00897cam a22002533a 4500
001 17203
003 PGUSA
005 20140828083352.0
008 051202s2005||||xxu|||||s|||||000 | eng d
040 _aPGUSA
_beng
042 _adc
050 4 _aBF
100 1 _aPitts, John Linwood,
_d1836-1917
245 1 0 _aWitchcraft and Devil Lore in the Channel Islands :
_bTranscripts from the Official Records of the Guernsey Royal Court, with an English Translation and Historical Introduction
_h[electronic resource] /
_cJohn Linwood Pitts
260 _bProject Gutenberg,
_c2005
506 _aPublic domain in the USA.
516 _aElectronic text
653 _aTrials (Witchcraft) -- Channel Islands
653 _aChannel Islands -- History
653 _aWitchcraft -- Channel Islands
830 0 _aProject Gutenberg
_v17203
856 4 0 _uhttp://www.gutenberg.org/ebooks/17203
942 _cEB
999 _c246458
_d246458